000 00491pab a2200193 454500
008 180718b2011 xxu||||| |||| 00| 0 eng d
100 _aAhmad, Tariq
245 _aCoalition politics: The Indian experience
260 _c2011
300 _ap.31-35.
362 _aJun
650 _aCoalition governments - India
650 _aIndia - Politics and government
650 _aPolitics and government
700 _aMohd, Gull
773 _aThird Concept
908 _aN
909 _a91750
999 _c91750
_d91750